00664nam a2200241 a 4500001001300000003000900013005001700022008004100039020001000080082001700090100001700107245002200124260002300146300000800169500003500177505002200212650002400234700001700258902000800275942000700283952011700290999001500407nice12345678IN_TiNIC20260116011906.0050524s1967 itaa grp 000 0 fre  ac10000a291.172bGEL aGelot, R P J aJournees Romaines aItaliabRomac1967 a18p aincludes index and biblioraphy2 aVarious Documents aInterfaith Dialogue1 aGelot, R P J bSRS cBK 001040708StackRoom-aHMIbHMId2007-07-17g100.00l0o291.172 GELp06137r2007-07-17v100.00w2005-05-24yBK c4746d4746